| 000 | 00443pab a2200157 454500 | ||
|---|---|---|---|
| 008 | 180718b2008 xxu||||| |||| 00| 0 eng d | ||
| 100 | _aMartin, Mary | ||
| 245 | _aHuman security in the Democratic Republic of Congo: the European Union as a force for good? | ||
| 260 | _c2008 | ||
| 300 | _ap.89-99. | ||
| 650 | _aEuropean union | ||
| 650 | _aState security | ||
| 773 | _aInternational Politics and Society | ||
| 908 | _aN | ||
| 909 | _a77291 | ||
| 999 |
_c77291 _d77291 |
||